Conference record of the 1992 Twentieth Power Modulator Symposium /

Bibliographic Details
Corporate Authors: Power Modulator Symposium, United States. Army Laboratory Command, Electronics Technology and Devices Laboratory (U.S.)
Format: Conference Proceeding Book
Language:English
Published: New York, NY : Piscataway, NJ : Institute of Electrical and Electronics Engineers ; Available from IEEE Single Copy Sales, [1992]
Subjects:

MARC

Tag First Indicator Second Indicator Subfields
LEADER 00000cam a2200000 a 4500
001 in00001088821
005 20150929204408.0
008 921230s1992 nyua b 101 0 eng d
010 |a  92053252  
020 |a 0780307186 (softbound) 
020 |a 078030733X (casebound) 
020 |a 0780307194 (microfiche) 
035 |a (OCoLC)27184230 
035 |9 AFT4413AM 
040 |a EZT  |c EZT  |d TXA  |d UtOrBLW 
049 |a TXAM 
090 |a TK7872.M6  |b P69 1992 
111 2 |a Power Modulator Symposium  |n (20th :  |d 1992) 
245 1 0 |a Conference record of the 1992 Twentieth Power Modulator Symposium /  |c sponsored by US Army LABCOM, ET & DL [and others] ; in cooperation with the Advisory Group on Electron Devices and under the management of Palisades Institute for Research Services, Inc. 
264 1 |a New York, NY :  |b Institute of Electrical and Electronics Engineers ;  |a Piscataway, NJ :  |b Available from IEEE Single Copy Sales,  |c [1992] 
264 4 |c ©1992 
300 |a v, 431 pages :  |b illustrations ;  |c 28 cm. 
336 |a text  |b txt  |2 rdacontent 
337 |a unmediated  |b n  |2 rdamedia 
338 |a volume  |b nc  |2 rdacarrier 
500 |a "IEEE Catalog number 92CH3180-7"--Title page verso. 
504 |a Includes bibliographical references and index. 
650 0 |a Modulators (Electronics)  |x Congresses. 
710 1 |a United States.  |b Army Laboratory Command. 
710 2 |a Electronics Technology and Devices Laboratory (U.S.) 
999 |a MARS 
999 f f |s b0ea6e0f-6124-3fb2-ac6b-85dbc917ce2b  |i 8dd42c9c-e0c1-38b5-b40a-30add73ac9f0  |t 0 
952 f f |p ric  |a Texas A&M University  |b Rellis Campus  |c Joint Library Facility  |d Remote Storage  |t 0  |e TK7872.M6 P69 1992  |h Library of Congress classification  |i unmediated -- volume  |m A14816648342 
998 f f |a TK7872.M6 P69 1992  |t 0  |l Remote Storage